<?xml version="1.0" encoding="UTF-8"?><?xml-stylesheet type="text/xsl" href="static/style.xsl"?><OAI-PMH xmlns="http://www.openarchives.org/OAI/2.0/" xmlns:xsi="http://www.w3.org/2001/XMLSchema-instance" xsi:schemaLocation="http://www.openarchives.org/OAI/2.0/ http://www.openarchives.org/OAI/2.0/OAI-PMH.xsd"><responseDate>2026-04-13T00:13:34Z</responseDate><request verb="GetRecord" identifier="oai:www.recercat.cat:2117/126675" metadataPrefix="marc">https://recercat.cat/oai/request</request><GetRecord><record><header><identifier>oai:recercat.cat:2117/126675</identifier><datestamp>2025-07-16T23:40:24Z</datestamp><setSpec>com_2072_1033</setSpec><setSpec>col_2072_452950</setSpec></header><metadata><record xmlns="http://www.loc.gov/MARC21/slim" xmlns:dcterms="http://purl.org/dc/terms/" xmlns:xsi="http://www.w3.org/2001/XMLSchema-instance" xmlns:doc="http://www.lyncode.com/xoai" xsi:schemaLocation="http://www.loc.gov/MARC21/slim http://www.loc.gov/standards/marcxml/schema/MARC21slim.xsd">
   <leader>00925njm 22002777a 4500</leader>
   <datafield ind2=" " ind1=" " tag="042">
      <subfield code="a">dc</subfield>
   </datafield>
   <datafield ind2=" " ind1=" " tag="720">
      <subfield code="a">Escoda Pastor, Carmen</subfield>
      <subfield code="e">author</subfield>
   </datafield>
   <datafield ind2=" " ind1=" " tag="260">
      <subfield code="c">2018</subfield>
   </datafield>
   <datafield ind2=" " ind1=" " tag="520">
      <subfield code="a">Una de las metas de la enseñanza de la arquitectura es entrenar  la visión espacial, capacidad que se desarrolla a partir del esfuerzo continuado en representar e interpretar las plantas,  los alzados y las secciones de un edificio. De ahí nace el interés en experimentar con las técnicas de maquetas en papel o cartón, basada tanto en la geometría,  en las medidas, como en la escala, en la construcción y en la representación. Una de las técnicas utilizadas por nuestros estudiantes es  el origami,  que es el arte japonés del plegado del papel y que en nuestro país denominamos papiroflexia. El pliegue, en la arquitectura,  encuentra en la envolvente de los edificios su mayor expresión.&#xd;
Algunos de los arquitectos más representativos en el uso del pliegue como recurso compositivo de la piel exterior del edificio son Frank Gehry, Zaha Hadid, Sancho-Madridejos and Peter Eisenman. En Gehry el pliegue es más orgánico, donde las formas plegadas poseen abundantes puntós de inflexión, y en Hadid, Sancho-Madridejos y Eisenman es más anguloso, es el pliegue del  Origami.&#xd;
Experimentaremos, en las aulas, con alternativas proyectuales a través de estrategias de ideación de construcción geométrica de formas y espacios.</subfield>
   </datafield>
   <datafield ind2=" " ind1=" " tag="520">
      <subfield code="a">Postprint (author's final draft)</subfield>
   </datafield>
   <datafield tag="653" ind2=" " ind1=" ">
      <subfield code="a">Àrees temàtiques de la UPC::Arquitectura</subfield>
   </datafield>
   <datafield tag="653" ind2=" " ind1=" ">
      <subfield code="a">Origami</subfield>
   </datafield>
   <datafield tag="653" ind2=" " ind1=" ">
      <subfield code="a">Architecture -- Study and teaching</subfield>
   </datafield>
   <datafield tag="653" ind2=" " ind1=" ">
      <subfield code="a">Architectural models</subfield>
   </datafield>
   <datafield tag="653" ind2=" " ind1=" ">
      <subfield code="a">pliegue</subfield>
   </datafield>
   <datafield tag="653" ind2=" " ind1=" ">
      <subfield code="a">origami</subfield>
   </datafield>
   <datafield tag="653" ind2=" " ind1=" ">
      <subfield code="a">representación</subfield>
   </datafield>
   <datafield tag="653" ind2=" " ind1=" ">
      <subfield code="a">arquitectura</subfield>
   </datafield>
   <datafield tag="653" ind2=" " ind1=" ">
      <subfield code="a">Origami</subfield>
   </datafield>
   <datafield tag="653" ind2=" " ind1=" ">
      <subfield code="a">Arquitectura - Ensenyament</subfield>
   </datafield>
   <datafield tag="653" ind2=" " ind1=" ">
      <subfield code="a">Maquetes arquitectòniques</subfield>
   </datafield>
   <datafield ind2="0" ind1="0" tag="245">
      <subfield code="a">El pliegue como recursos de ideación</subfield>
   </datafield>
</record></metadata></record></GetRecord></OAI-PMH>